Pioneers : (Record no. 24314)

MARC details
000 -LEADER
fixed length control field 00564cam a22001938c 4500
020 ## - INTERNATIONAL STANDARD BOOK NUMBER
ISBN 9781394304059
041 ## - LANGUAGE CODE
Language code of text/sound track or separate title English
082 00 - DEWEY DECIMAL CLASSIFICATION NUMBER
Classification number 650.1
Item number KAR
100 1# - MAIN ENTRY--AUTHOR NAME
Author name Karra, Neri
245 10 - TITLE STATEMENT
Title Pioneers :
Sub Title 8 principles of business longevity from immigrant entrepreneurs /
Statement of responsibility, etc Neri Karra Sillaman.
260 ## - PUBLICATION, DISTRIBUTION, ETC. (IMPRINT)
Place of publication United State :
Name of publisher John Wiley ,
Year of publication 2025.
300 ## - PHYSICAL DESCRIPTION
Number of Pages xiv, 238 pages ;
Dimensions 24 cm.
504 ## - BIBLIOGRAPHY, ETC. NOTE
Bibliography, etc Includes index.
650 #0 - SUBJECT ADDED ENTRY--TOPICAL TERM
Subject Success in business
650 #0 - SUBJECT ADDED ENTRY--TOPICAL TERM
Subject Entrepreneurship
650 #0 - SUBJECT ADDED ENTRY--TOPICAL TERM
Subject New business enterprises
942 ## - ADDED ENTRY ELEMENTS (KOHA)
Source of classification or shelving scheme Dewey Decimal Classification
Koha item type Books

No items available.


Maintained and Designed by
2cqr automation private limited, Chennai. All Rights Reserved.

You are Visitor Number

PHP Hits Count